Größte Metropolregionen der Welt - Statistiken

Allgemein
  • Dieses Quiz wurde 249 mal gespielt
  • Das Durchschnittsergebnis liegt bei 20 aus 32
Antwortstatistiken
Bevölkerung Metropolregion % Korrekt
20,9 New York
97%
38 Tokio
97%
15,4 Los Angeles
92%
19,4 Peking
92%
14,3 London
90%
17,1 Moskau
90%
22,1 Shanghai
87%
12,3 Rio de Janeiro
83%
29,6 Delhi
82%
21 Mexico-Stadt
81%
15,5 Istanbul
80%
19,4 Kairo
78%
23,4 Mumbai
77%
34,5 Jakarta
74%
22 São Paulo
72%
16,2 Buenos Aires
68%
17,1 Bangkok
65%
21,8 Seoul
65%
23,1 Manila
64%
15,3 Lagos
61%
20,9 Guangzhou
59%
13,6 Teheran
57%
15,4 Dhaka
51%
13,5 Kinshasa
46%
17,6 Kalkutta
45%
13,7 Bengaluru
32%
14,8 Karatschi
32%
13,3 Ho-Chi-Minh-Stadt
28%
11,3 Chennai
26%
15,9 Shenzhen
24%
15 Kinki (Osaka-Kōbe-Kyōto)
17%
11,3 Chengdu
9%
Keine übereinstimmenden Quizze gefunden
Verteilung der Resultate
Anzahl Personen mit jedem Resultat
Perzentil nach korrekt beantworteten Fragen
Ihre Resultats-Entwicklung
Sie haben dieses Quiz noch nicht gespielt